Instruccion formada por los señores del Consejo en consequencia de lo resuelto por Su Magestad, de lo que mas principalmente deben observar los escrivanos del numero, ayuntamiento, y notarios de estos reynos, conforme à lo prevenido por las Leyes, y Autos acordados, que en ella se citan / Consejo Real de Castilla
Descripción Física:
24 p. ; 29 cm
Materias:
Notaris -- Espanya -- Història
MARC
| LEADER | 00000nam a2200000Ia 4500 | ||
|---|---|---|---|
| 001 | 17520 | ||
| 008 | 160829s1751 xx 000 0 cat d | ||
| 080 | |a R-12-183 | ||
| 100 | |a Espanya. Consejo de Estado |9 23235 | ||
| 245 | |a Instruccion formada por los señores del Consejo en consequencia de lo resuelto por Su Magestad, de lo que mas principalmente deben observar los escrivanos del numero, ayuntamiento, y notarios de estos reynos, conforme à lo prevenido por las Leyes, y Autos acordados, que en ella se citan / Consejo Real de Castilla | ||
| 260 | |a Madrid : |b Antonio Sanz, |c 1751 | ||
| 300 | |a 24 p. ; |c 29 cm | ||
| 590 | |a Prové de 23, exp. 4. | ||
| 590 | |a Restaurat: desembre 2007 | ||
| 650 | |a Notaris |x Espanya |x Història |9 46701 | ||
| 901 | |a Arxiu | ||
| 942 | |n 1 | ||
| 952 | |0 0 |1 0 |4 0 |6 R12183 |7 1 |9 53396 |a Arxiu |b Arxiu |d 2016-12-01 |l 0 |o R-12-183 |p 17520 |r 2016-12-01 00:00:00 |w 2016-12-01 |y ARXIU | ||
| 999 | |c 57261 |d 57261 | ||